6-7 Letter Country Name Shortenings - Statistics

General Stats
  • This quiz has been taken 10 times
    8 since last reset
  • The average score is 4 of 7
Answer Stats
Country % Correct
Czechia
83%
Sao Tome
67%
St Lucia
67%
Antigua
50%
Bosnia
50%
St Kitts
50%
Vatican
50%
No matching quizzes found
Score Distribution
Percent of People with Each Score
Percentile by Number Answered
Your Score History
You have not taken this quiz since the last reset